|
|
|
|
| LEADER |
00913nam a2200253 a 4500 |
| 001 |
1212478 |
| 008 |
110716s2000 maua 001 0 eng d |
| 010 |
|
|
|a 99015465
|
| 020 |
|
|
|a 0072337931 (acid-free paper)
|
| 020 |
|
|
|a 0072499567
|
| 040 |
|
|
|a DLC
|c DLC
|d DLC
|c BD-DhAAL
|
| 082 |
0 |
0 |
|a 005.369
|2 21
|
| 100 |
1 |
|
|a Clifford, Sarah Hutchinson.
|
| 245 |
1 |
0 |
|a Microsoft Office 2000 /
|c Sarah E. Hutchinson, Glen J. Coulthard.
|
| 260 |
|
|
|a Boston :
|b Irwin McGraw-Hill,
|c c2000.
|
| 300 |
|
|
|a 1 v. (various pagings) :
|b col. ill. ;
|c 28 cm.
|
| 490 |
|
0 |
|a Advantage series
|
| 500 |
|
|
|a Includes index.
|
| 541 |
1 |
|
|e 00015628
|
| 630 |
0 |
0 |
|a Microsoft Office.
|
| 650 |
|
0 |
|a Business
|x Computer programs.
|
| 700 |
1 |
|
|a Coulthard, Glen J.
|
| 999 |
|
|
|c 11106
|d 11106
|
| 952 |
|
|
|0 0
|1 4
|4 0
|6 005_369000000000000_CLI
|7 0
|9 17490
|a BRACUL
|b BRACUL
|c GEN
|d 2011-07-17
|l 0
|o 005.369 CLI
|p 3010015628
|r 2011-07-17
|t 1
|w 2011-07-17
|y BK
|x Koha Inventory 2020
|